000
00228nam a2200097Ia 4500
082
_a
EJF RAI
245
0
_a
Stars!
100
_a
RAI, Bali London, 2009
_9
77646
942
_c
BK
008
210817s9999 xx 000 0 und d
999
_c
386545
_d
386544